000 00767nam a2200265 a 4500
999 _c1972
_d1972
007 ta
008 200121s1979 ii |||g u|||f00| 0 eng d
020 _cRs. 130.00
040 _aKO
_beng
041 0 _aeng
044 _aii
082 0 4 _223
_a623.8530218
_bIS9114:1979
110 2 _aIndian Standards Institution
245 1 0 _aGeneral Requirements for Insulation in Air-Conditioned Spaces On board Ships :
260 _aNew Delhi :
_bIndian Standards Institution,
_c1979
300 _a5 p. ;
_c30 cm.
490 0 _aIndian Standard ;
_vIS 9114 : 1979
650 0 _aShipbuilding
_xStandards
650 0 _aShips
_xInsulation
_xStandards
650 0 _aShips
_xAir conditioning
_xStandards
904 _aRUDRA_R
905 _aR_RANJAN
942 _cRT